| 000 | 00434nam a22001217a 4500 | ||
|---|---|---|---|
| 999 |
_c10193 _d10193 |
||
| 003 | OSt | ||
| 008 | 201218b ||||| |||| 00| 0 eng d | ||
| 245 | _aInternational Journal of Electronics Engineering | ||
| 250 | _a2015(Jan-Jun Vol.7 No.1, Jul-Dec Vol.7 No.2) 2016(Jan-Jun Vol.8 No.1, Jul-Dec Vol.8 No.2) | ||
| 260 |
_aNew Delhi _bSerials Publication [P] Ltd. |
||
| 650 | _aElectronics and Communication Engineering | ||
| 942 |
_2ddc _cBV |
||